000 00682nam a22002177a 4500
999 _c17772
_d17772
003 OSt
005 20190625162637.0
008 180319b xxu||||| |||| 00| 0 eng d
020 _a1305627963
040 _cKABU
_aKABU
050 _aQP143
_b.D73 2017 C.1
100 _aDeBrune, Kelly Linda
245 _aNutrition for Health and Health Care
_cLinda Kelly DeBruyne and Kathryn Pinna
250 _a6th ed.
260 _aUSA
_bCengage Learning
_c2017
300 _a1 vol. (various paging)
650 _aNutritionally induced diseases
650 _aDiiet therapy
700 _aKathryn Pinna
942 _2lcc
_cBK
_e6th ed.
_hQP143
_i.D73 2017 C.1